[Event "Winnipeg TNT February op"]
[Site "Winnipeg"]
[Date "2010.02.09"]
[Round "2"]
[White "Kassum, Arif"]
[Black "Czypinski, Jaroslaw"]
[Result "0-1"]
[WhiteElo "1452"]
[BlackElo "1932"]
[PlyCount "75"]
[EventDate "2010.02.02"]
[EventType "swiss"]
[EventRounds "4"]
[EventCountry "CAN"]
[SourceTitle "EXT 2011"]
[Source "ChessBase"]
[SourceDate "2010.11.26"]
[SourceVersion "1"]
[SourceVersionDate "2010.11.26"]
[SourceQuality "1"]

1. d4 d5 2. Bg5 Nf6 3. e3 e6 4. Nd2 c5 5. c3 Nc6 6. Ngf3 Bd7 7. Ne5 cxd4 8. Bxf6 gxf6 9. Nxd7 dxe3 10. Nxf8 exd2+ 11. Qxd2 Kxf8 12. 0-0-0 Qa5 13. Kb1 Rd8 14. Qf4 Ke7 15. h4 b5 16. Rh3 Ne5 17. g4 Ng6 18. Qd4 Qb6 19. Qxb6 axb6 20. Bxb5 Ne5 21. Be2 Rhg8 22. Rd4 Nc6 23. Rd1 h6 24. a4 Ra8 25. b3 Rgc8 26. Re3 Rd8 27. Kb2 d4 28. cxd4 Nxd4 29. Rd2 Nxe2 30. Rexe2 Rg8 31. f3 h5 32. Re4 hxg4 33. fxg4 Rh8 34. h5 e5 35. b4 Ke6 36. Rde2 Rhg8 37. Kb3 Rad8 38. Rh2 0-1